Central Library OPAC University of Rajshahi

Indian forest ecology : (Record no. 14419)

MARC details
000 -LEADER
fixed length control field 00948cam a22002771 4500
001 - CONTROL NUMBER
control field 14419
003 - CONTROL NUMBER IDENTIFIER
rucl marc code BD-RjUL
005 - DATE AND TIME OF LATEST TRANSACTION
control field 20211208235626.0
008 - FIXED-LENGTH DATA ELEMENTS--GENERAL INFORMATION
fixed length control field 140206s1960 ii a 001 0 eng
035 ## - SYSTEM CONTROL NUMBER
System control number (BD-RjUL)14471
System control number (OCoLC)3509901
040 ## - CATALOGING SOURCE
Original cataloging agency DLC
Transcribing agency NcRS
Modifying agency OCoLC
-- DLC
-- BD-RjUL
Language of cataloging eng
041 ## - LANGUAGE CODE
Language code of text/sound track or separate title eng
082 04 - DEWEY DECIMAL CLASSIFICATION NUMBER
Edition number 20
Classification number 634.94
Author mark and year PUI 1960
100 1# - MAIN ENTRY--PERSONAL NAME
Personal name Puri, Gopal Singh,
Dates associated with a name 1915-
9 (RLIN) 44978
245 10 - TITLE STATEMENT
Title Indian forest ecology :
Remainder of title A comprehensive survey of vegetation and its environment in the Indian subcontinent /
Statement of responsibility, etc. G. S. Puri with foreword by W.H. Pearsall. Pref. by Harry G. Champion.
Number of part/section of a work Volume 2
250 ## - EDITION STATEMENT
Edition statement [1st ed.]
260 ## - PUBLICATION, DISTRIBUTION, ETC. (IMPRINT)
Place of publication, distribution, etc. New Delhi :
Name of publisher, distributor, etc. Oxford Book and Stationery Co.
Date of publication, distribution, etc. c1960.
300 ## - PHYSICAL DESCRIPTION
Pagination xx, 320-710 p. :
Illustrations illus. ;
Size 25 cm.
504 ## - BIBLIOGRAPHY, ETC. NOTE
Bibliography, etc Includes index.
650 #0 - SUBJECT ADDED ENTRY--TOPICAL TERM
Topical term or geographic name as entry element Forests and forestry
Geographic subdivision India.
9 (RLIN) 7809
Topical term or geographic name as entry element Forest ecology.
9 (RLIN) 44979
942 ## - ADDED ENTRY ELEMENTS (KOHA)
Source of classification or shelving scheme Dewey Decimal Classification
Koha item type Books
Holdings
Lost status Source of classification or shelving scheme Materials specified (bound volume or other part) Damaged status Not for loan Collection code Permanent Location Current Location Shelving location Date acquired Source of acquisition Cost, normal purchase price Total Checkouts Full call number Date last seen Copy number Koha item type
  Dewey Decimal Classification V-2     Non-fiction Central Library, University of Rajshahi Central Library, University of Rajshahi Reading Room 13/04/1968 Zeitlinger 126.00   634.94 PUI 1960 06/02/2014 C-4 Books